000 01163nam0a22002651 4500
001 rc\2783791
005 20260407063755.0
035 _a(NLR Aleph) 006909994
090 _a7336989
_c7336989
100 _a20110915d1935 |||y0rusy50 ca
101 0 _arus
102 _aRU
105 _ay z |||e|
200 1 _aПриложение к программе по диалектическому материализму для III курса
_e3 письма из сборника: К. Маркс и Ф. Энгельс. "Письма"
_fЛенингр. гос. ун-т им. А. С. Бубнова. Сектор заоч. обуч. Историч. фак-т
210 _a[Ленинград]
_cЛГЗУ
_d[1935]
_gполигр. лабор. ЛГУ
215 _a5 с.
_d29х22 см.
300 _aСтеклогр. изд.
702 1 _4570
_7ca
_8rus
_aМаркс
_bК.
_f1818-1883
_gКарл
_9123526
_3RU\NLR\AUTH\7713844
710 0 2 _aЛенинградский заочный университет
_9395653
_3RU\NLR\AUTH\889949952
801 0 _aRU
_bNLR
_gpsbo
801 1 _aRU
_bELAR
_2rusmarc
852 _aNLR
_j35-13/732
942 _cBOOK
980 _aNB